00829nam a22002417a 450000500170000001000130001702000260003003500170005603500130007303700290008608200120011510000240012724500900015126000460024126000610028727000870034830000380043550000200047365000430049365000200053670000130055671000180056920141209154115.0 aBAC-CH25 a9781593271978c225.00 aB-544415-450 aG-002757 aDPLbAditya Books/vendor00a5372221 aFujitaki, Kazuhiro.14aThe manga guide to electricity /cKazuhiro Fujitaki, Matsuda, and Trend-pro Co., Ltd. aSan Francisco :bNo Starch Press,cc2009. aNoidabA 2 Z Teaching and Learning Solutionsc2012(repr) aB-116, sector-67, Gautam Budh Nagar,bNoidae201301k0120-2484151/52l0120-2484150 aix, 206 p. :bill. ;c24 cm.(pbk) aIncludes index. 0aElectricityvComic books, strips, etc. 0aGraphic novels.0 aMatsuda.2 aTrend-pro Co.